[Event "Chessable Masters Div 2 L"]
[Site "chess.com INT"]
[Date "2023.04.04"]
[Round "3.1"]
[White "Giri, Anish"]
[Black "Praggnanandhaa, R"]
[Result "1-0"]
[WhiteTitle "GM"]
[BlackTitle "GM"]
[WhiteElo "2768"]
[BlackElo "2688"]
[WhiteFideId "24116068"]
[BlackFideId "25059530"]
[EventDate "2023.04.04"]
[EventType "k.o."]

1. d4 Nf6 2. c4 e6 3. Nf3 d5 4. Nc3 c5 5. cxd5 Nxd5 6. e4 Nxc3 7. bxc3 cxd4 8.
cxd4 Bb4+ 9. Bd2 Bxd2+ 10. Qxd2 O-O 11. h4 b6 12. h5 h6 13. Rh3 Bb7 14. Rg3 Kh8
15. Bd3 Nd7 16. Kf1 Rc8 17. Kg1 Qc7 18. e5 Qc3 19. Rd1 Bxf3 20. Qxc3 Rxc3 21.
Rxf3 b5 22. Bxb5 Rxf3 23. gxf3 Nb6 24. Rc1 Nd5 25. Kh2 Kg8 26. Kg3 Rd8 27. Bd3
Nb6 28. Rd1 Kf8 29. Be4 Ke7 30. f4 f5 31. Bf3 Rc8 32. Rd3 Rc7 33. Ra3 Rd7 34.
Ra6 Nc8 35. d5 exd5 36. Be2 Rc7 37. f3 Rc3 38. Ra4 Ke6 39. Kf2 Rc7 40. Ra6+ Kf7
41. Bd3 Ne7 42. Ke3 Rb7 43. a4 Rc7 44. a5 Nc6 45. Bxf5 d4+ 46. Kd2 Nb4 47. Rd6
Rc3 48. Rxd4 1-0

[Event "Chessable Masters Div 2 L"]
[Site "chess.com INT"]
[Date "2023.04.04"]
[Round "3.2"]
[White "Praggnanandhaa, R"]
[Black "Giri, Anish"]
[Result "1-0"]
[WhiteTitle "GM"]
[BlackTitle "GM"]
[WhiteElo "2688"]
[BlackElo "2768"]
[WhiteFideId "25059530"]
[BlackFideId "24116068"]
[EventDate "2023.04.04"]
[EventType "k.o."]

1. d4 Nf6 2. Nf3 d5 3. Bf4 c5 4. e3 Nc6 5. Bb5 Qa5+ 6. Nc3 Ne4 7. O-O Nxc3 8.
Bxc6+ bxc6 9. bxc3 f6 10. c4 dxc4 11. d5 Qd8 12. e4 cxd5 13. exd5 Kf7 14. Rb1
Qd7 15. d6 Qc6 16. Nd2 Ba6 17. Re1 exd6 18. Ne4 d5 19. Nxf6 gxf6 20. Qh5+ Kg8
21. Re3 h6 22. Qg6+ Bg7 23. Re7 Rh7 24. Bxh6 1-0

[Event "Chessable Masters Div 2 L"]
[Site "chess.com INT"]
[Date "2023.04.04"]
[Round "3.3"]
[White "Giri, Anish"]
[Black "Praggnanandhaa, R"]
[Result "1-0"]
[WhiteTitle "GM"]
[BlackTitle "GM"]
[WhiteElo "2768"]
[BlackElo "2688"]
[WhiteFideId "24116068"]
[BlackFideId "25059530"]
[EventDate "2023.04.04"]
[EventType "k.o."]

1. Nf3 Nf6 2. g3 c5 3. Bg2 Nc6 4. O-O e5 5. e4 Be7 6. d3 d5 7. exd5 Nxd5 8. Re1
f6 9. c3 Bg4 10. h3 Bh5 11. a4 O-O 12. Nbd2 Qd7 13. Nxe5 Nxe5 14. Qxh5 Rad8 15.
Nc4 Nc6 16. a5 f5 17. Qf3 Bf6 18. h4 Nde7 19. Bf4 Qxd3 20. Qxd3 Rxd3 21. Nd6 Ng6
22. Nxb7 Nxf4 23. Bxc6 Ng6 24. Rad1 Ne5 25. Bd5+ Kh8 26. Nxc5 Rxd1 27. Rxd1 Rd8
28. Ne6 Rd6 29. Nf4 g5 30. hxg5 Bxg5 31. Rd4 Ng6 32. Ne6 Bf6 33. Rb4 h5 34. c4
Ne7 35. Rb8+ Kh7 36. Rb7 a6 37. Rb6 Rxb6 38. axb6 Bxb2 39. b7 Be5 40. Nf8+ Kg7
41. Nd7 Bc7 42. b8=Q Bxb8 43. Nxb8 a5 44. Nc6 Nxd5 45. cxd5 a4 46. f4 1-0

[Event "Chessable Masters Div 2 L"]
[Site "chess.com INT"]
[Date "2023.04.04"]
[Round "3.1"]
[White "Keymer, Vincent"]
[Black "Yu, Yangyi"]
[Result "1/2-1/2"]
[WhiteTitle "GM"]
[BlackTitle "GM"]
[WhiteElo "2700"]
[BlackElo "2729"]
[WhiteFideId "12940690"]
[BlackFideId "8603820"]
[EventDate "2023.04.04"]
[EventType "k.o."]

1. Nf3 Nf6 2. c4 e6 3. Nc3 c5 4. g3 b6 5. Bg2 Bb7 6. O-O Be7 7. d4 cxd4 8. Qxd4
d6 9. Rd1 a6 10. Bg5 Nbd7 11. Qd2 O-O 12. Bf4 Ne8 13. b3 Qc7 14. Rac1 Rd8 15. e4
Nef6 16. Bxd6 Bxd6 17. Qxd6 Qc8 18. Ne5 Nxe5 19. Qxe5 Rxd1+ 20. Rxd1 Rd8 21. Rd6
Qb8 22. Rd4 Qc8 23. h3 h6 24. Na4 Rxd4 25. Qxd4 b5 26. Nc5 Bc6 27. b4 Qa8 28. a3
Ne8 29. Bf1 Nc7 30. Bd3 bxc4 31. Bxc4 a5 32. Bd3 Bb5 33. bxa5 Bxd3 34. Nxd3 Qxa5
35. Qb4 Qa6 36. Qb8+ Kh7 37. Qxc7 Qxd3 38. Qxf7 Qxe4 39. Qf4 Qd3 40. Qe3 Qd5 41.
h4 e5 42. Kh2 Qa2 43. Qf3 Qc2 44. Kg2 Kh8 45. Qa8+ Kh7 46. Qd5 e4 47. Qd4 Kh8
48. Qe5 Qd3 49. Qc5 Qf3+ 50. Kh2 Qb3 51. Qe3 Qc2 52. Kg2 Kg8 53. g4 Kh8 54. h5
Qa2 55. Kg3 Qd5 56. a4 Qc6 57. Qa3 Qc7+ 58. Kh3 Qf4 59. Qe3 Qe5 60. Qe1 Qf4 61.
Qe2 e3 62. Qxe3 Qxa4 63. Kg3 Qc6 64. f3 Qc7+ 65. Qf4 Qc8 66. Qe5 Qc1 67. Qe4
Qg1+ 68. Kf4 Qc1+ 69. Ke5 Qc5+ 70. Qd5 Qe3+ 71. Kf5 Qg5+ 72. Ke4 Qe7+ 73. Kf4
Qc7+ 74. Qe5 Qc1+ 75. Kf5 Qg5+ 76. Ke4 Qc1 77. Qe8+ Kh7 78. Qb5 Kh8 79. Qd3 Qc7
80. Ke3 Qe5+ 81. Qe4 Qg3 82. Qc2 Qe5+ 83. Qe4 Qg3 84. Kd4 Qd6+ 85. Qd5 Qf4+ 86.
Kd3 Qc1 87. Ke2 Qc2+ 88. Qd2 Qc7 89. Kf1 Qg3 90. Qf2 Qc7 91. Kg2 Qe5 92. Qd2 Qc7
93. Qe3 Qc2+ 94. Kg3 Qd1 95. f4 Qd6 96. Qe8+ Kh7 97. Qe4+ Kh8 98. Kh3 Qd7 99.
Kh4 Qd6 100. g5 hxg5+ 101. fxg5 Qh2+ 102. Kg4 Qg1+ 103. Kf5 Qf2+ 104. Qf4 Qc2+
105. Qe4 Qc8+ 106. Qe6 Qc2+ 107. Kf4 Qh2+ 108. Kg4 Qg2+ 109. Kh4 Qh2+ 110. Kg4
Qg2+ 111. Kf4 Qh2+ 112. Kg4 1/2-1/2

[Event "Chessable Masters Div 2 L"]
[Site "chess.com INT"]
[Date "2023.04.04"]
[Round "3.2"]
[White "Yu, Yangyi"]
[Black "Keymer, Vincent"]
[Result "1/2-1/2"]
[WhiteTitle "GM"]
[BlackTitle "GM"]
[WhiteElo "2729"]
[BlackElo "2700"]
[WhiteFideId "8603820"]
[BlackFideId "12940690"]
[EventDate "2023.04.04"]
[EventType "k.o."]

1. e4 c6 2. c4 d5 3. exd5 cxd5 4. d4 Nf6 5. Nc3 Nc6 6. Nf3 Bg4 7. Be3 e6 8. c5
Be7 9. Bb5 O-O 10. O-O Nd7 11. h3 Bh5 12. a3 a6 13. Be2 a5 14. b4 axb4 15. axb4
Rxa1 16. Qxa1 Bxf3 17. Bxf3 Bf6 18. Ne2 Nxb4 19. Qb1 Nc6 20. Qxb7 Qc8 21. Rb1 h6
22. g3 Rd8 23. h4 Ndb8 24. Bg4 Qxb7 25. Rxb7 e5 26. dxe5 Nxe5 27. Bf5 Nbc6 28.
Kg2 d4 29. Bf4 d3 30. Nc3 d2 31. Nd1 g5 32. hxg5 hxg5 33. Bxe5 Nxe5 34. Rb6 Be7
35. c6 Bd6 36. Ra6 Rb8 37. Kf1 Rb4 38. Ra8+ Kg7 39. Rd8 Bc7 40. Rxd2 Nxc6 41.
Ne3 Bb6 42. Nd5 Rd4 43. Rxd4 Bxd4 44. Kg2 Bf6 1/2-1/2

[Event "Chessable Masters Div 2 L"]
[Site "chess.com INT"]
[Date "2023.04.04"]
[Round "3.3"]
[White "Yu, Yangyi"]
[Black "Keymer, Vincent"]
[Result "1-0"]
[WhiteTitle "GM"]
[BlackTitle "GM"]
[WhiteElo "2729"]
[BlackElo "2700"]
[WhiteFideId "8603820"]
[BlackFideId "12940690"]
[EventDate "2023.04.04"]
[EventType "k.o."]

1. d4 Nf6 2. Nf3 d5 3. e3 c5 4. dxc5 e6 5. b4 a5 6. c3 b6 7. Bb5+ Bd7 8. Bxd7+
Nfxd7 9. a4 Be7 10. O-O bxc5 11. b5 Nb6 12. Nbd2 Bf6 13. Ba3 Bxc3 14. Bxc5 N8d7
15. Bxb6 Nxb6 16. Rc1 Rc8 17. Qb3 Bxd2 18. Nxd2 O-O 19. Rc6 Rxc6 20. bxc6 Qc7
21. Rb1 Rb8 22. Qc3 h6 23. Qxa5 Qxc6 24. Qa7 Qd6 25. a5 Nd7 26. Rxb8+ Nxb8 27.
h3 Qb4 28. Nf3 Qb1+ 29. Kh2 Nc6 30. Qc5 Qb8+ 31. g3 Qb7 32. Nd4 Qb2 33. Kg2 Nxd4
34. Qxd4 Qa3 35. Qb6 d4 36. exd4 Qd3 37. Qb7 Qxd4 38. a6 1-0

[Event "Chessable Masters Div 2 L"]
[Site "chess.com INT"]
[Date "2023.04.04"]
[Round "4.1"]
[White "Lazavik, Denis"]
[Black "Giri, Anish"]
[Result "1-0"]
[WhiteTitle "GM"]
[BlackTitle "GM"]
[WhiteElo "2544"]
[BlackElo "2768"]
[WhiteFideId "13515110"]
[BlackFideId "24116068"]
[EventDate "2023.04.04"]
[EventType "k.o."]

1. d4 d5 2. c4 c6 3. Nf3 Nf6 4. Qc2 g6 5. cxd5 cxd5 6. Bf4 Nc6 7. Nc3 Bf5 8. Qb3
Na5 9. Qa4+ Bd7 10. Qd1 Bg7 11. e3 O-O 12. Be2 Nc4 13. Qb3 Na5 14. Qb4 Bg4 15.
O-O Nh5 16. Bg5 Bf6 17. Bh6 Bg7 18. Bxg7 Kxg7 19. Ne5 Bxe2 20. Nxe2 Nf6 21. Rfc1
Rb8 22. Rc2 Nc6 23. Nxc6 bxc6 24. Qa4 Qd7 25. Rac1 Rb6 26. b3 Rc8 27. Nf4 Qb7
28. Nd3 Nd7 29. Qa3 Re8 30. h3 h5 31. Rc3 Ra6 32. Qb2 Rb6 33. R1c2 a5 34. Qc1
Rc8 35. Qa3 Re8 36. Nc5 Nxc5 37. Rxc5 Ra6 38. Rxa5 Rxa5 39. Qxa5 Ra8 40. Qc3 Ra6
41. h4 e6 42. g3 Ra3 43. Qxc6 Qxc6 44. Rxc6 Rxa2 45. Rc7 Rb2 46. Rb7 Kf6 47. Kg2
Kg7 48. b4 Kf6 49. Kf3 Kg7 50. b5 Kf6 51. b6 Kg7 52. Kg2 Kf6 53. Kf1 Kg7 54. Rb8
Kf6 55. b7 Kf5 56. f3 Kf6 57. Ke1 Ke7 58. Kd1 Kf6 59. Kc1 Rb6 60. Kc2 Rb5 61. e4
Rb4 62. Kd3 Rb3+ 63. Ke2 Kg7 64. Kf2 Kf6 65. Kg2 Kg7 66. e5 Kh7 67. Kf2 Kg7 68.
g4 hxg4 69. fxg4 Kh7 70. Ke2 Kg7 71. h5 gxh5 72. gxh5 Kh7 73. h6 Rb6 74. Kf3 Rb4
75. Ke3 Rb1 76. Kf4 Rb2 77. Kg5 1-0

[Event "Chessable Masters Div 2 L"]
[Site "chess.com INT"]
[Date "2023.04.04"]
[Round "4.2"]
[White "Giri, Anish"]
[Black "Lazavik, Denis"]
[Result "1-0"]
[WhiteTitle "GM"]
[BlackTitle "GM"]
[WhiteElo "2768"]
[BlackElo "2544"]
[WhiteFideId "24116068"]
[BlackFideId "13515110"]
[EventDate "2023.04.04"]
[EventType "k.o."]

1. d4 Nf6 2. c4 e6 3. Nc3 Bb4 4. f3 d5 5. a3 Bxc3+ 6. bxc3 c5 7. cxd5 Nxd5 8.
dxc5 Qa5 9. e4 Nf6 10. Be3 O-O 11. h4 Nfd7 12. h5 h6 13. g4 Nxc5 14. g5 Rd8 15.
Qc2 hxg5 16. h6 g6 17. h7+ Kh8 18. Nh3 Nbd7 19. Nxg5 Rf8 20. f4 f6 21. Nf3 Qa4
22. Qxa4 Nxa4 23. e5 fxe5 24. Nxe5 Nxe5 25. Bd4 Rf5 26. Bd3 1-0

[Event "Chessable Masters Div 2 L"]
[Site "chess.com INT"]
[Date "2023.04.04"]
[Round "4.3"]
[White "Giri, Anish"]
[Black "Lazavik, Denis"]
[Result "1-0"]
[WhiteTitle "GM"]
[BlackTitle "GM"]
[WhiteElo "2768"]
[BlackElo "2544"]
[WhiteFideId "24116068"]
[BlackFideId "13515110"]
[EventDate "2023.04.04"]
[EventType "k.o."]

1. e4 e5 2. Nf3 Nc6 3. Bb5 Nf6 4. d3 Bc5 5. Bxc6 dxc6 6. O-O Nd7 7. Nc3 Qe7 8.
Ne2 f6 9. a3 b6 10. b4 Bd6 11. Be3 Bb7 12. Nd2 a5 13. c3 O-O 14. Ng3 g6 15. Bh6
Rfe8 16. Nc4 Qe6 17. Nxd6 cxd6 18. f4 exf4 19. Bxf4 axb4 20. cxb4 c5 21. Qd2 d5
22. h3 dxe4 23. dxe4 Ne5 24. bxc5 bxc5 25. Qc3 Ba6 26. Rfd1 c4 27. Rd5 Bb7 28.
Rb5 Bc6 29. Rb6 Nd3 30. Be3 Rac8 31. Rf1 Ne5 32. Ra6 Ra8 33. Rxa8 Rxa8 34. Bd4
Rb8 35. Kh2 Nd7 36. Bxf6 Rb3 37. Qa1 Qd6 38. Bh4 g5 39. Rd1 Rd3 40. Rxd3 cxd3
41. Bxg5 Bxe4 42. Qc3 Bg6 43. Qc4+ Bf7 44. Qg4 Bg6 45. Bf4 Qd5 46. Nf1 Nf6 47.
Qc8+ Kf7 48. Nd2 Bf5 49. Qc7+ Qd7 50. Qc4+ Be6 51. Qc5 Bd5 52. Qe3 Qf5 53. Bg3
Kg6 54. a4 Bc6 55. Nc4 Qe4 56. Ne5+ Kf5 57. Qf2+ Ke6 58. Nf3 Kd7 59. a5 Kc8 60.
Qb6 Ne8 61. Qb8+ Kd7 62. Ne5+ Ke7 63. Qa7+ Bb7 64. Qc5+ Ke6 65. Nf3 Qd5 66. Qb6+
Kf7 67. a6 Ba8 68. Qf2 Kg8 69. a7 Nf6 70. Bf4 Ne4 71. Qe3 Nf6 72. Qe7 Nd7 73.
Bh6 Qf7 74. Qd8+ Nf8 75. Qxa8 Qc7+ 76. Kh1 1-0

[Event "Chessable Masters Div 2 L"]
[Site "chess.com INT"]
[Date "2023.04.04"]
[Round "4.1"]
[White "Kramnik, Vladimir"]
[Black "Yu, Yangyi"]
[Result "1-0"]
[WhiteTitle "GM"]
[BlackTitle "GM"]
[WhiteElo "2753"]
[BlackElo "2729"]
[WhiteFideId "4101588"]
[BlackFideId "8603820"]
[EventDate "2023.04.04"]
[EventType "k.o."]

1. e4 e5 2. Nf3 Nf6 3. Nxe5 d6 4. Nf3 Nxe4 5. d3 Nf6 6. d4 d5 7. Bd3 Bd6 8. O-O
O-O 9. Bg5 h6 10. Bh4 c6 11. Nbd2 Re8 12. c3 Bg4 13. Qb3 b6 14. Rae1 Nbd7 15.
Rxe8+ Qxe8 16. Re1 Qb8 17. Bg3 Bxg3 18. hxg3 Qc7 19. c4 Be6 20. Qc2 c5 21. a3
Rd8 22. cxd5 Bxd5 23. b4 Rc8 24. Rc1 Qb7 25. dxc5 bxc5 26. Bf1 Rc7 27. Nd4 c4
28. Qc3 Ne4 29. Nxe4 Bxe4 30. Qe3 Nb6 31. Re1 Bg6 32. Nb5 Rd7 33. Qc5 Qb8 34.
Nd4 Rd5 35. Qc6 Kh7 36. Nf3 Rd6 37. Qc5 Rd5 38. Qe3 Bd3 39. Ne5 Bxf1 40. Kxf1
Qc7 41. Qe4+ Kg8 42. a4 a5 43. bxa5 Rxa5 44. Nc6 Ra8 45. a5 Nc8 46. Ne7+ Nxe7
47. Qxa8+ Kh7 48. Qe4+ Ng6 49. a6 c3 50. Qd3 Qa5 51. Rc1 f5 52. Kg1 Qa3 53. Rxc3
Qa1+ 54. Kh2 Qb2 55. f4 1-0

[Event "Chessable Masters Div 2 L"]
[Site "chess.com INT"]
[Date "2023.04.04"]
[Round "4.2"]
[White "Yu, Yangyi"]
[Black "Kramnik, Vladimir"]
[Result "1-0"]
[WhiteTitle "GM"]
[BlackTitle "GM"]
[WhiteElo "2729"]
[BlackElo "2753"]
[WhiteFideId "8603820"]
[BlackFideId "4101588"]
[EventDate "2023.04.04"]
[EventType "k.o."]

1. e4 e5 2. Nf3 Nc6 3. Bb5 Nf6 4. d3 Bc5 5. Ba4 d6 6. c3 O-O 7. O-O h6 8. h3 a5
9. Re1 Ba7 10. Nbd2 Nh5 11. d4 Qf6 12. Nf1 exd4 13. Bxc6 dxc3 14. e5 dxe5 15.
Be4 cxb2 16. Bxb2 Bxf2+ 17. Kxf2 Qb6+ 18. Bd4 exd4 19. Rb1 Qa7 20. Qxd4 Nf6 21.
Ng3 a4 22. Bf5 Nd5 23. Bxc8 Rfxc8 24. Nf5 Kf8 25. Rxb7 Qxd4+ 26. N3xd4 a3 27.
Rc1 Rab8 28. Rxb8 Rxb8 29. Kf3 g6 30. Rc5 Nb4 31. Nxh6 Kg7 32. Ng4 Nxa2 33. Rxc7
Nb4 34. Ne6+ Kh8 35. Rxf7 Nd5 36. Ra7 Re8 37. Ng5 Rf8+ 38. Kg3 Rf5 39. Rh7+ Kg8
40. Nh6+ Kf8 41. Nxf5 1-0

[Event "Chessable Masters Div 2 L"]
[Site "chess.com INT"]
[Date "2023.04.04"]
[Round "4.3"]
[White "Yu, Yangyi"]
[Black "Kramnik, Vladimir"]
[Result "1-0"]
[WhiteTitle "GM"]
[BlackTitle "GM"]
[WhiteElo "2729"]
[BlackElo "2753"]
[WhiteFideId "8603820"]
[BlackFideId "4101588"]
[EventDate "2023.04.04"]
[EventType "k.o."]

1. e4 e5 2. Nf3 Nc6 3. Bb5 Nf6 4. d3 Bc5 5. Ba4 d6 6. c3 O-O 7. O-O a6 8. h3 Ba7
9. Re1 Ne7 10. d4 Ng6 11. Nbd2 b5 12. Bc2 Bb7 13. Nf1 d5 14. Nxe5 Nxe4 15. Be3
Nxe5 16. dxe5 c5 17. Bxe4 dxe4 18. Qg4 Qe7 19. Bf4 f5 20. exf6 Qxf6 21. Be3 c4
22. Bxa7 Rxa7 23. Qg3 Ba8 24. Rad1 Raf7 25. Rd2 h5 26. Ree2 Bb7 27. Ne3 h4 28.
Qg4 a5 29. Rd4 b4 30. Red2 bxc3 31. bxc3 Bc8 32. Qxe4 Qb6 33. Qxh4 Qb1+ 34. Kh2
Qc1 35. Rd8 Be6 36. Qe4 Rf6 37. R2d6 Rxd8 38. Rxd8+ Kf7 39. f4 Qe1 40. f5 Rxf5
41. Qb7+ Kg6 42. Nxf5 Bxf5 43. Qf3 Be4 44. Rd6+ Kh7 45. Qh5+ 1-0

[Event "Chessable Masters Div 2 L"]
[Site "chess.com INT"]
[Date "2023.04.04"]
[Round "5.1"]
[White "Giri, Anish"]
[Black "Yu, Yangyi"]
[Result "1/2-1/2"]
[WhiteTitle "GM"]
[BlackTitle "GM"]
[WhiteElo "2768"]
[BlackElo "2729"]
[WhiteFideId "24116068"]
[BlackFideId "8603820"]
[EventDate "2023.04.04"]
[EventType "k.o."]

1. d4 d5 2. c4 e6 3. Nc3 h6 4. Bf4 Nf6 5. e3 c5 6. Nf3 cxd4 7. Nxd4 a6 8. Bg3
Be7 9. Rc1 O-O 10. a3 dxc4 11. Bxc4 Bd7 12. O-O Nc6 13. Nf3 Rc8 14. Ba2 Qb6 15.
Qc2 Rfd8 16. Bb1 Na5 17. Ne5 Qb3 18. Nxd7 Rxd7 19. Ba2 1/2-1/2

[Event "Chessable Masters Div 2 L"]
[Site "chess.com INT"]
[Date "2023.04.04"]
[Round "5.2"]
[White "Yu, Yangyi"]
[Black "Giri, Anish"]
[Result "1/2-1/2"]
[WhiteTitle "GM"]
[BlackTitle "GM"]
[WhiteElo "2729"]
[BlackElo "2768"]
[WhiteFideId "8603820"]
[BlackFideId "24116068"]
[EventDate "2023.04.04"]
[EventType "k.o."]

1. e4 e5 2. Nf3 Nc6 3. Bb5 Nf6 4. d3 Bc5 5. Ba4 O-O 6. O-O d6 7. c3 Ne7 8. Bc2
Ng6 9. d4 Bb6 10. Be3 c6 11. Re1 Re8 12. h3 exd4 13. Bxd4 Nd7 14. a4 Nde5 15.
Nbd2 Be6 16. b4 a5 17. Rb1 axb4 18. Bxb6 Qxb6 19. cxb4 Rad8 20. a5 Qa7 21. Qe2
c5 1/2-1/2

[Event "Chessable Masters Div 2 L"]
[Site "chess.com INT"]
[Date "2023.04.04"]
[Round "5.3"]
[White "Yu, Yangyi"]
[Black "Giri, Anish"]
[Result "0-1"]
[WhiteTitle "GM"]
[BlackTitle "GM"]
[WhiteElo "2729"]
[BlackElo "2768"]
[WhiteFideId "8603820"]
[BlackFideId "24116068"]
[EventDate "2023.04.04"]
[EventType "k.o."]

1. Nf3 d5 2. d4 Nf6 3. e3 Bf5 4. c4 c6 5. Nc3 e6 6. Nh4 Be4 7. f3 Bg6 8. Bd2 Be7
9. Nxg6 hxg6 10. Qc2 dxc4 11. Bxc4 Nd5 12. O-O-O Nb4 13. Qb1 Nd7 14. Ne4 b5 15.
Be2 a5 16. a3 Nd5 17. Qc2 b4 18. a4 b3 19. Qxb3 Rb8 20. Qc2 O-O 21. h4 Bb4 22.
h5 g5 23. h6 g6 24. h7+ Kh8 25. Bc4 Bxd2+ 26. Qxd2 Rb4 27. Bxd5 cxd5 28. Nc5 Qc7
29. Kb1 Rfb8 30. Rc1 Nxc5 31. dxc5 Rxb2+ 32. Qxb2+ Rxb2+ 33. Kxb2 Qb7+ 34. Kc2
Qb4 35. c6 Qxa4+ 36. Kd2 Qb4+ 37. Rc3 d4 38. exd4 Qxd4+ 39. Kc2 Qa4+ 40. Kb2
Qb5+ 41. Rb3 Qe5+ 42. Kb1 a4 43. Rd3 Qb5+ 44. Kc2 Qxc6+ 45. Kd2 Qc7 46. g3 Qa5+
47. Kc2 a3 48. Rc3 Qa6 49. g4 Qe2+ 50. Kb3 Qb2+ 51. Kc4 a2 52. Rcc1 Qa3 53. Kd4
Qd6+ 54. Kc4 Qa3 55. Kb5 Qb3+ 56. Ka5 Qa3+ 57. Kb6 Qb3+ 58. Ka7 Qa3+ 59. Kb8
Qb3+ 60. Kc8 Qxf3 61. Kd7 Qb7+ 62. Ke8 f5 63. Rhd1 fxg4 64. Rd7 Qa8+ 65. Rd8
a1=Q 0-1

[Event "Chessable Masters Div 2 L"]
[Site "chess.com INT"]
[Date "2023.04.05"]
[Round "6.1"]
[White "Vachier-Lagrave, Maxime"]
[Black "Giri, Anish"]
[Result "1/2-1/2"]
[WhiteTitle "GM"]
[BlackTitle "GM"]
[WhiteElo "2741"]
[BlackElo "2768"]
[WhiteFideId "623539"]
[BlackFideId "24116068"]
[EventDate "2023.04.04"]
[EventType "k.o."]

1. e4 e5 2. Nf3 Nc6 3. Bb5 Nf6 4. O-O Nxe4 5. Re1 Nd6 6. Nxe5 Be7 7. Bf1 Nxe5 8.
Rxe5 O-O 9. d4 Bf6 10. Re2 b6 11. Re1 Bb7 12. Bf4 Ne4 13. Nd2 Re8 14. Bd3 Nxd2
15. Qxd2 d6 16. Bb5 c6 17. Bf1 Qd7 18. a4 a5 19. c3 d5 20. Be5 Bxe5 21. dxe5 Ba6
22. Bxa6 Rxa6 23. Re3 Raa8 24. b3 Rad8 25. Rd1 c5 26. h3 Qf5 27. Qe2 h6 28. g4
Qf4 29. Kg2 Qg5 30. Kg3 d4 31. f4 Qe7 32. cxd4 Rxd4 33. Rf1 Red8 34. h4 c4 35.
bxc4 Qb4 36. g5 Qxc4 37. Qxc4 Rxc4 38. Rb3 Rxa4 39. Rxb6 h5 40. g6 fxg6 1/2-1/2

[Event "Chessable Masters Div 2 L"]
[Site "chess.com INT"]
[Date "2023.04.05"]
[Round "6.2"]
[White "Giri, Anish"]
[Black "Vachier-Lagrave, Maxime"]
[Result "0-1"]
[WhiteTitle "GM"]
[BlackTitle "GM"]
[WhiteElo "2768"]
[BlackElo "2741"]
[WhiteFideId "24116068"]
[BlackFideId "623539"]
[EventDate "2023.04.04"]
[EventType "k.o."]

1. Nf3 d5 2. d4 Nf6 3. c4 dxc4 4. e3 e6 5. Bxc4 a6 6. O-O c5 7. e4 b5 8. Be2
Nxe4 9. a4 b4 10. Nbd2 Bb7 11. Nxe4 Bxe4 12. Be3 cxd4 13. Nxd4 Nc6 14. Bf3 Bxf3
15. Qxf3 Nxd4 16. Bxd4 Qd5 17. Qe3 Be7 18. Bxg7 Rg8 19. Rfd1 Qb7 20. Qh6 Bf8 21.
Qxh7 Rxg7 22. Qh3 Qe4 23. g3 Rh7 24. Qf1 Bc5 25. Rac1 Rc8 26. Rd2 Rh5 27. b3 Ke7
28. Rc4 Qb7 29. Qc1 Rd5 30. Rxd5 Qxd5 31. Qf4 Bd6 32. Qh4+ Kd7 33. Rxc8 Kxc8 0-1